| 000 | 01250ngm a22003970a 4500 | ||
|---|---|---|---|
| 001 | PT38534 | ||
| 003 | AR-LpoUNG | ||
| 005 | 20210202000526.0 | ||
| 007 | vd cvaizq | ||
| 008 | 191001s[199||||ag |||||||||||||||||spa d | ||
| 037 | _c$17 | ||
| 040 |
_aAR-LpoUNG _bspa _cAR-LpoUNG _eaacr |
||
| 041 | _aspa | ||
| 044 | _aag | ||
| 082 | 0 | _a791.430 9 779v1 | |
| 100 | 1 |
_aPolverino, Leonardo G. _edir. |
|
| 245 | 1 | 0 | _aHistoria del cine mundial |
| 250 | _a1§ edición | ||
| 260 |
_aBuenos Aires : _bBlackman, _c[1994]. |
||
| 300 | _aDVD (153 min.) : son., col., byn | ||
| 505 | 0 | _aHecha en 1994. | |
| 520 | _aToda la historia del cine mudo y sonoro desde sus comienzos hasta su primer siglo de vida. Los grandes directores, actores, películas y movimientos estéticos europeos y Hollywoodenses tratados en su contextualización histórica | ||
| 650 | 4 | _aANALISIS HISTORICO | |
| 650 | 4 | _aCINE | |
| 650 | 4 | _aHISTORIA | |
| 650 | 4 | _aINDUSTRIA CINEMATOGRAFICA | |
| 650 | 4 | _aPELICULAS | |
| 651 | 4 | _aDOCUMENTOS TEORICOS O METODOLOGICOS | |
| 653 | _aCINE ARGENTINO | ||
| 653 | _aDOCUMENTALES | ||
| 653 | _aDVD | ||
| 653 | _aVIDEOS | ||
| 710 | 2 | _aEscuela Superior de Cinematografía (Buenos Aires) | |
| 905 | _a38534 | ||
| 942 | _cDVD | ||
| 999 |
_c55037 _d55037 |
||